| 000 | 00542nam a2200217Ia 4500 | ||
|---|---|---|---|
| 008 | 180523s9999 xx 000 0 und d | ||
| 020 | _a007-124437-9 | ||
| 050 | _aMAIN HF 5387 | ||
| 050 | _b.D47 2006 c.2 | ||
| 100 | _aDesJardins, Joseph. | ||
| 245 | 3 | _aAn Introduction to business ethics / | |
| 245 | 0 | _cJoseph Des Jardins. | |
| 250 | _a2nd Edition | ||
| 260 | _aBoston : | ||
| 260 | _bMcGraw-Hill, | ||
| 260 | _c2006 | ||
| 300 | _a110 pages : | ||
| 300 | _c23 cm. | ||
| 500 | _aIncludes index. | ||
| 650 | _aBusiness ethics. | ||
| 999 |
_c357021 _d357021 |
||